000
00296nam a22001337a 4500
008
171222b xxu||||| |||| 00| 0 eng d
020
_a
9780134372068
041
_a
eng
080
_a
82
100
_a
21
101
_a
GJU
245
_a
SHORT DRAMAS AND TELEPLAYS
_c
CLEMEN.W
942
_2
udc
_c
BK
999
_c
39325
_d
39325